Гендер в спортивной деятельности: учебное пособие для вузов

Chi tiết về thư mục
Tác giả chính: Ворожбитова А. Л. Александра Леонидовна
Tóm tắt:В учебном пособии по элективному курсу раскрывается проблема тендера в спортивной деятельности, адаптированная для учащихся 10—11-х классов профильного обучения в средних учебных заведениях. Наряду с изложением сведений междисциплинарного характера о категории «тендер» в пособии освещаются вопросы тендерной социализации и идентификации спортсменов, тендерной специфики мотивации в спорте. Специальные главы посвящены проявлению этнического менталитета в спортивной деятельности мужчин и женщин, влиянию тендерных ролей на здоровье спортсмена. Заключительная глава посвящена массовому спорту и его роЛи в оздоровлении нации. Для учащихся средних учебных заведений, учителей и всех, кто интересуется тендерными особенностями спортивной деятельности.
Ngôn ngữ:Tiếng Nga
Được phát hành: Москва, Флинта, 2011
Những chủ đề:
Định dạng: Sách
KOHA link:https://koha.lib.tpu.ru/cgi-bin/koha/opac-detail.pl?biblionumber=217918

MARC

LEADER 00000nam0a2200000 4500
001 217918
005 20231101230146.0
010 |a 9785020373426 
010 |a 978-5-9765-1031-9 
035 |a (RuTPU)RU\TPU\book\237922 
090 |a 217918 
100 |a 20120609d2011 m y0rusy50 ca 
101 0 |a rus 
102 |a RU 
105 |a a j 001zy 
200 1 |a Гендер в спортивной деятельности  |e учебное пособие для вузов  |f А. Л. Ворожбитова 
210 |a Москва  |c Флинта  |c Наука  |d 2011 
215 |a 216 с. 
320 |a Библиогр.: с. 206-213. 
330 |a В учебном пособии по элективному курсу раскрывается проблема тендера в спортивной деятельности, адаптированная для учащихся 10—11-х классов профильного обучения в средних учебных заведениях. Наряду с изложением сведений междисциплинарного характера о категории «тендер» в пособии освещаются вопросы тендерной социализации и идентификации спортсменов, тендерной специфики мотивации в спорте. Специальные главы посвящены проявлению этнического менталитета в спортивной деятельности мужчин и женщин, влиянию тендерных ролей на здоровье спортсмена. Заключительная глава посвящена массовому спорту и его роЛи в оздоровлении нации. Для учащихся средних учебных заведений, учителей и всех, кто интересуется тендерными особенностями спортивной деятельности. 
606 1 |a Гендерные особенности в спорте  |2 stltpush  |3 (RuTPU)RU\TPU\subj\71917  |9 85588 
610 1 |a спорт 
610 1 |a спортивная деятельность 
610 1 |a пол 
610 1 |a половой диморфизм 
610 1 |a гендерология 
610 1 |a гендерные стереотипы 
610 1 |a гендерная социализация 
610 1 |a спортсмены 
610 1 |a гендерная идентичность 
610 1 |a виды 
610 1 |a мотивация 
610 1 |a выбор 
610 1 |a этнос 
610 1 |a физическое здоровье 
610 1 |a массовый спорт 
610 1 |a спортивные элиты 
610 1 |a учебные пособия 
675 |a 796.034-05(075.8)  |v 3 
700 1 |a Ворожбитова  |b А. Л.  |g Александра Леонидовна 
801 1 |a RU  |b 63413507  |c 20120609 
801 2 |a RU  |b 63413507  |c 20150710  |g RCR 
942 |c BK 
959 |a 91/20120609  |d 2  |e 125,00  |f ЧЗГЛ:1  |f АНЛ:1